[Event "BDO Challengers"]
[Site "Haarlem NED"]
[Date "2005.09.04"]
[Round "9"]
[White "Langedijk,A"]
[Black "De Roda Husman,J"]
[Result "1-0"]
[WhiteElo "2219"]
[BlackElo "2238"]

1.e4 c5 2.Nf3 e6 3.d4 cxd4 4.Nxd4 a6 5.Nc3 Qc7 6.Bd3 Nf6 7.O-O Bc5 8.Nf3 d6
9.Bf4 Nbd7 10.Kh1 Ne5 11.Nxe5 dxe5 12.Bg3 g5 13.Qd2 Rg8 14.Be2 Bd7 15.f3 O-O-O
16.Bd3 h5 17.Bf2 Kb8 18.Bxc5 Qxc5 19.Qf2 Qc7 20.a4 Rg6 21.a5 Bc6 22.Na4 Rd4
23.Nb6 Nd7 24.b4 Rxb4 25.Rfb1 Rxb1+ 26.Rxb1 Nxb6 27.Rxb6 Kc8 28.Bxa6 bxa6
29.Qc5 Be8 30.Qf8 Kd7 31.Qb4 Kc8 32.Qf8 Kd7 33.Qb4 Kc8 34.Rxa6 f5 35.Ra8+ Kd7
36.Qf8  1-0

[Event "Autumn 1"]
[Site "Alushta UKR"]
[Date "2005.09.06"]
[Round "5"]
[White "Paramonov,D"]
[Black "Truskavetsky,A"]
[Result "0-1"]
[WhiteElo "2395"]
[BlackElo "2399"]

1.e4 c5 2.Nf3 e6 3.d4 cxd4 4.Nxd4 a6 5.Nc3 b5 6.Bd3 Qb6 7.Nb3 d6 8.a4 b4
9.a5 Qc7 10.Na4 Nd7 11.Be3 Bb7 12.Nb6 Rd8 13.Qe2 Ngf6 14.f3 Nb8 15.O-O Be7
16.c3 d5 17.exd5 Bxd5 18.Nd4 bxc3 19.bxc3 Bb7 20.Kh1 O-O 21.Bg1 Rfe8 22.Bc4 Bd6
23.Nb3 Nd5 24.Bxd5 exd5 25.Qd2 Re5 26.Nd4 Rh5 27.f4 Nc6 28.Nxc6 Bxc6 29.Bd4 Re8
30.Qd1 Rh6 31.Qg4 Rg6 32.Qf3 Re4 33.g3 f5 34.Qh5 Qf7 35.Na4 Bb5 36.Rfc1 Be2
37.Qh4 Qe8 38.Nc5 Rxd4  0-1

[Event "TCh-POL Ekstraliga"]
[Site "Lubniewice POL"]
[Date "2005.09.07"]
[Round "5"]
[White "Bobras,P"]
[Black "Jaracz,P"]
[Result "1/2-1/2"]
[WhiteElo "2525"]
[BlackElo "2515"]

1.e4 c5 2.Nf3 e6 3.d4 cxd4 4.Nxd4 a6 5.Nc3 d6 6.Be3 b5 7.f3 b4 8.Nce2 e5
9.Nb3 Nc6 10.c4 Be6 11.Ng3 h5 12.Bf2 g6 13.Bd3 Nf6 14.Nf1 Nd7 15.Ne3 a5 16.O-O  1/2-1/2

[Event "IX Taca BCX"]
[Site "Brasiliat BRA"]
[Date "2005.09.08"]
[Round "6"]
[White "Reis,E"]
[Black "Lebredo,G"]
[Result "0-1"]
[WhiteElo "2016"]
[BlackElo "2300"]

1.e4 c5 2.Nf3 e6 3.d4 cxd4 4.Nxd4 a6 5.Nc3 Qc7 6.g3 Bb4 7.Ne2 Nf6 8.Bg2 Nc6
9.O-O Be7 10.h3 O-O 11.Be3 b5 12.a3 Bb7 13.f4 Rfd8 14.Qe1 Na5 15.e5 Ne8 16.Bxb7 Qxb7
17.Nd5 Qxd5 18.Qxa5 d6 19.Nc3 Qb7 20.Qb6 Qxb6 21.Bxb6 Rdc8 22.Rf3 Rab8 23.Ba5 dxe5
24.fxe5 Bc5+ 25.Kg2 Bd4 26.Raf1 Bxe5 27.Rxf7 Nf6 28.Re7 Re8 29.Ra7 Nd5 30.Nxd5 exd5
31.Bc7 Bxc7 32.Rxc7 Rb6 33.Rff7 Rg6 34.Rfd7 h5 35.Rxd5 h4 36.g4 Re2+ 37.Kf3 Rh2
38.Rc8+ Kf7 39.Rf5+ Rf6 40.Rc7+ Kg6 41.Rxf6+ gxf6 42.Rc6 Rxh3+ 43.Kf4 Rh2
44.b4 Rf2+ 45.Ke3 Rg2 46.Kf3 h3 47.Rc5 Rd2 48.Rh5 h2 49.Kg3 Rxc2 50.Rxh2 Rc3+
51.Kf4 Rxa3 52.Rb2 Ra4 53.Kf3 Kg5 54.Rb3  0-1

[Event "IX Taca BCX"]
[Site "Brasiliat BRA"]
[Date "2005.09.08"]
[Round "6"]
[White "Andrade,Rob"]
[Black "De Andrade,W"]
[Result "1/2-1/2"]
[WhiteElo "2261"]
[BlackElo "2185"]

1.e4 c5 2.Nf3 a6 3.Nc3 e6 4.d4 cxd4 5.Nxd4 Qc7 6.Be2 Nf6 7.O-O Bb4 8.Qd3 Nc6
9.Nxc6 dxc6 10.Bg5 Be7 11.f4 h6 12.Bh4 e5 13.fxe5 Qxe5 14.Bg3 Qc5+ 15.Bf2 Qa5
16.Kh1 O-O 17.a3 Be6 18.b4 Qd8 19.Na4 Nd7 20.Rfd1 b5 21.Nb2 Bf6  1/2-1/2

[Event "Autumn 1"]
[Site "Alushta UKR"]
[Date "2005.09.09"]
[Round "10"]
[White "Zinchenko,Ya"]
[Black "Truskavetsky,A"]
[Result "1-0"]
[WhiteElo "2493"]
[BlackElo "2399"]

1.e4 c5 2.Nf3 e6 3.d4 cxd4 4.Nxd4 a6 5.Nc3 b5 6.Bd3 Qb6 7.Nb3 Qc7 8.O-O Nf6
9.Qe2 d6 10.f4 b4 11.Nd1 Bb7 12.Bd2 d5 13.exd5 Bxd5 14.Ne3 Be4 15.f5 Bd6
16.fxe6 Bxh2+ 17.Kh1 O-O 18.Bxb4 Bd6 19.Bxd6 Qxd6 20.Rxf6  1-0

[Event "IX Taca BCX"]
[Site "Brasiliat BRA"]
[Date "2005.09.10"]
[Round "9"]
[White "Crosa,M"]
[Black "Lima,Da"]
[Result "0-1"]
[WhiteElo "2415"]
[BlackElo "2535"]

1.e4 c5 2.Nf3 e6 3.d4 cxd4 4.Nxd4 a6 5.Nc3 b5 6.Be3 Bb7 7.Bd3 d6 8.f4 Nd7
9.Qh5 Ngf6 10.Qh3 b4 11.Nce2 Nxe4 12.Ng3 Ndc5 13.Nxe4 Nxe4 14.O-O-O Qc7 15.Rhe1 d5
16.Bxe4 dxe4 17.Rd2 Be7 18.f5 e5 19.f6 Bxf6 20.Nf5 Bc8 21.Rf1 Bxf5 22.Qxf5 O-O
23.g4 Qc4 24.Kb1 Rad8 25.Rg2 Be7 26.b3 Qb5 27.Kb2 Rb8 28.Re1 Qc6 29.Bc1 e3
30.Rge2 Bh4 31.Rf1 g6 32.Qxe5 Rbe8 33.Qf4 Re4 34.Qf3 Bg5 35.h4 Bf4 36.Bxe3 Qe6
37.Bxf4 Rxe2 38.Rc1 Qe4 39.Qxe4 Rxe4 40.Rf1 f5  0-1

[Event "IX Taca BCX"]
[Site "Brasiliat BRA"]
[Date "2005.09.10"]
[Round "9"]
[White "Marra,E"]
[Black "Lebredo,G"]
[Result "0-1"]
[WhiteElo "2262"]
[BlackElo "2300"]

1.e4 c5 2.Nf3 e6 3.d4 cxd4 4.Nxd4 a6 5.Nc3 Nc6 6.Nxc6 bxc6 7.Bd3 Bb7 8.O-O c5
9.Qe2 Ne7 10.f4 Nc6 11.f5 Bd6 12.Be3 Qh4 13.h3 O-O 14.Qd2 Nd4 15.Bf4 Bxf4
16.Rxf4 Qg5 17.Qf2 exf5 18.exf5 Rae8 19.Rf1 Qf6 20.Be4 Bxe4 21.Nxe4 Qc6 22.Ng3 f6
23.c3 Nb5 24.Nh5 d5 25.Rg4 Rf7 26.Nf4 Nd6 27.Qf3 Nxf5 28.Nxd5 Re5 29.Rd1 Qe8
30.Kh2 Ne3 31.Nxe3 Rxe3 32.Qd5 Re5 33.Qc4 h5 34.Rf4 Kh7 35.Qxa6 Re2 36.Qd3+ Kh6
37.Rd2 Re3 38.Qd5 Qb8 39.g3 Rfe7 40.Rdf2 Qe5 41.Qxe5 fxe5 42.R4f3 Re1 43.Rf1 Re2+
44.R3f2 Re3 45.Rd1 c4 46.Kg2 Rd3 47.Re1 e4 48.Ree2 g5 49.h4 g4 50.Rf6+ Kg7
51.Rf4 e3 52.Rxc4 Rd2 53.Rxd2 exd2 54.Rd4 Re2+ 55.Kf1 Re1+ 56.Kf2 d1=Q 57.Rxd1  0-1

[Event "Autumn 1"]
[Site "Alushta UKR"]
[Date "2005.09.11"]
[Round "13"]
[White "Aveskulov,V"]
[Black "Truskavetsky,A"]
[Result "1-0"]
[WhiteElo "2450"]
[BlackElo "2399"]

1.e4 c5 2.Nf3 e6 3.d4 cxd4 4.Nxd4 a6 5.Nc3 b5 6.Bd3 Qb6 7.Nf3 d6 8.O-O Qc7
9.Bd2 Nf6 10.a4 bxa4 11.Rxa4 Be7 12.Qe2 O-O 13.Rfa1 Nbd7 14.b4 Rb8 15.Bxa6 Bxa6
16.Rxa6 Rxb4 17.Nd5 Nxd5 18.exd5 Qc4 19.Qe1 Rb7 20.dxe6 fxe6 21.R6a4 Qd5
22.c4 Qf5 23.Nd4 Qf7 24.Qxe6 Qxe6 25.Nxe6 Rfb8 26.g3 Kf7 27.Ng5+ Bxg5 28.Bxg5 Rb1+
29.Rxb1 Rxb1+ 30.Kg2 Ke6 31.Ra8 Rb8 32.Rxb8 Nxb8 33.Bd2 Nd7 34.Bc3 g6 35.Bd4 Nb8
36.Kf3 Nc6 37.Ke3 g5 38.Bc3 h5 39.f3 h4 40.g4 Ne7 41.Bd2 Ng6 42.Ke4 Ne5 43.h3 Nxc4
44.Bxg5 d5+ 45.Kd3 Ne5+ 46.Ke2 Ng6 47.f4 Kf7 48.Kd3 Nf8 49.f5  1-0

[Event "FSGM September"]
[Site "Budapest HUN"]
[Date "2005.09.12"]
[Round "10"]
[White "Pilgaard,K"]
[Black "Fogarasi,T"]
[Result "1/2-1/2"]
[WhiteElo "2415"]
[BlackElo "2490"]

1.e4 c5 2.Nf3 e6 3.d4 cxd4 4.Nxd4 a6 5.Nc3 Qc7 6.Be2 Nc6 7.O-O Nf6 8.Be3 Be7
9.f4 d6 10.a4 O-O 11.Kh1 Bd7 12.Nb3 b6 13.g4 d5 14.e5 Ne4 15.Nxe4 dxe4 16.c3 Bc8
17.Nd2 Rd8 18.Qb1 Bc5 19.Bxc5 Rxd2 20.Bd6 Qd8 21.Qxe4 Bb7 22.Kg1 Rxb2 23.Qe3 Ne7
24.Bf3 Bxf3 25.Qxf3 Rc8 26.f5 Qd7 27.Rad1 Qe8 28.fxe6 fxe6 29.Rd4 h5 30.Bxe7 Qxe7
31.gxh5 Qg5+ 32.Rg4 Qxe5 33.Rg3 Qc5+ 34.Kh1 Rf8 35.Qxf8+ Qxf8 36.Rxf8+ Kxf8
37.Rf3+ Ke7 38.Rg3 Kf6 39.Rf3+ Ke7 40.Rg3 Kf6 41.Rf3+  1/2-1/2

[Event "ch-IRI"]
[Site "Tehran IRI"]
[Date "2005.09.14"]
[Round "4"]
[White "Soozankar,A"]
[Black "Mohajerin,P"]
[Result "1/2-1/2"]
[WhiteElo "2251"]
[BlackElo "2334"]

1.e4 c5 2.Nf3 e6 3.d4 cxd4 4.Nxd4 a6 5.Nc3 b5 6.g3 Bb7 7.Bg2 Qc7 8.O-O Nf6
9.Re1 d6 10.Bg5 Nbd7 11.Nd5 exd5 12.exd5+ Kd8 13.Nc6+ Bxc6 14.dxc6 Nc5 15.Bxf6+ gxf6
16.Qd4 Be7 17.Re3 Ne6 18.Qe4 Ra7 19.Rae1 Kc8 20.Bh3 Kb8 21.Qd5 Rc8  1/2-1/2

[Event "ProMoPro Open"]
[Site "Prague CZE"]
[Date "2005.09.16"]
[Round "2"]
[White "Srba,M"]
[Black "Forman,M"]
[Result "1-0"]
[WhiteElo "2222"]
[BlackElo "2048"]

1.e4 c5 2.Nf3 e6 3.d4 cxd4 4.Nxd4 a6 5.Nc3 d6 6.Be3 Nf6 7.Be2 Be7 8.f4 Qc7
9.O-O Nbd7 10.g4 h6 11.Bf3 Nb6 12.Kh1 Bd7 13.Qe1 Nc4 14.Bg1 g5 15.b3 Na5
16.e5 Nh7 17.exd6 Bxd6 18.Nd5 Qd8 19.Nf5 O-O 20.Nxh6+ Kg7 21.Bb6 Qb8 22.fxg5 exd5
23.Bd4+ f6 24.gxf6+ Nxf6 25.g5 Be7 26.Qxe7+  1-0

[Event "EYb18"]
[Site "Herceg Novi SCG"]
[Date "2005.09.17"]
[Round "4"]
[White "Valeanu,E"]
[Black "Zeleny,T"]
[Result "1-0"]
[WhiteElo "2398"]
[BlackElo "2286"]

1.e4 c5 2.Nf3 e6 3.Nc3 a6 4.d4 cxd4 5.Nxd4 Nc6 6.f4 Qc7 7.Nf3 Bc5 8.Bd3 b5
9.Qe2 Nb4 10.Be3 Bb7 11.O-O Nf6 12.a3 Nxd3 13.cxd3 Bxe3+ 14.Qxe3 O-O 15.Rac1 Ng4
16.Qd2 Qb6+ 17.Kh1 f5 18.Rce1 fxe4 19.dxe4 Nf6 20.Nd4 Rac8 21.e5 Rc4 22.Rd1 Ne4
23.Nxe4 Bxe4 24.b3 Qc7 25.Rde1 Qb7 26.Qe2 Bd5 27.f5 Rc3 28.f6 g6 29.Qf2 Rf7
30.Rc1 Qc7 31.Qf4 Ba8 32.Rxc3 Qxc3 33.Rc1 Qb2 34.Nf3 Bb7 35.Rc7 Qf2 36.Qd4 Qf1+
37.Qg1 Qxf3 38.gxf3 Bxf3+ 39.Qg2 Bxg2+ 40.Kxg2 h6 41.Ra7 d6 42.Ra8+ Kh7 43.exd6 g5
44.Rxa6 Kg6 45.Kf3 Kxf6 46.Ke4 h5 47.Rb6 Ra7 48.Rxb5 Rxa3 49.Rb8 Ra7 50.Kd4 Rd7
51.Kc5 Ke5 52.Rg8 Rxd6 53.Rxg5+ Kf4 54.Kxd6 Kxg5 55.Kxe6 Kg4 56.b4 h4 57.b5 Kh3
58.b6 Kxh2 59.b7 h3 60.b8=Q+ Kg2 61.Qb2+ Kg1 62.Qc1+ Kg2 63.Qd2+ Kg1 64.Qe3+ Kg2
65.Qe2+ Kg1 66.Qg4+  1-0

[Event "EYb18"]
[Site "Herceg Novi SCG"]
[Date "2005.09.18"]
[Round "5"]
[White "Mamikonian,T"]
[Black "Stubberud,O"]
[Result "1-0"]
[WhiteElo "2273"]
[BlackElo "2095"]

1.e4 c5 2.Nf3 e6 3.d4 cxd4 4.Nxd4 a6 5.Nc3 Qc7 6.g3 b5 7.Bg2 Bb7 8.O-O d6
9.Re1 Nd7 10.a4 b4 11.Na2 Qb6 12.Be3 Nc5 13.c3 a5 14.Nb5 bxc3 15.Naxc3 Be7
16.Rc1 Rc8 17.e5 Bxg2 18.Kxg2 Qb7+ 19.Kg1 d5 20.Nd6+ Bxd6 21.exd6 Nf6 22.Nb5 Na6
23.Qd2 Nb4 24.Rxc8+ Qxc8 25.Rc1 Qb8 26.Ba7 Qd8 27.Bb6 Qxb6 28.Rc8+ Kd7 29.Rxh8 Ne4
30.Qe3  1-0

[Event "EYb16"]
[Site "Herceg Novi SCG"]
[Date "2005.09.18"]
[Round "5"]
[White "Papp,T1"]
[Black "Martemianov,I"]
[Result "1/2-1/2"]
[WhiteElo "2236"]
[BlackElo "2125"]

1.e4 c5 2.Nf3 e6 3.d4 cxd4 4.Nxd4 a6 5.Nc3 Qc7 6.g3 Nf6 7.Bg2 Nc6 8.Nb3 d6
9.a4 b6 10.O-O Be7 11.g4 Bb7 12.g5 Nd7 13.f4 O-O-O 14.f5 Nce5 15.fxe6 fxe6
16.Nd4 Qc5 17.Kh1 Qc4 18.Nce2 Nf8 19.b3 Qc7 20.c4 Kb8 21.Ng3 d5 22.Rxf8 Rhxf8
23.Nxe6 dxc4 24.Qe2 Qd7 25.Nxf8 Rxf8 26.bxc4 Bc5 27.Be3 Bxe3 28.Qxe3 Nxc4
29.Qb3 Rc8 30.Rd1 Qe7 31.Rc1 Nd6 32.Rxc8+ Nxc8 33.h4 Qe5 34.Kh2 Ka7 35.Qg8 h6
36.gxh6 gxh6 37.Qh7 Qf4 38.Kh3 Nd6 39.e5 Qxe5 40.Qxh6 Bc8+ 41.Kh2 Qxg3+ 42.Kxg3 Nf5+
43.Kf4 Nxh6 44.Kg5 Ng8 45.h5 Be6 46.h6 Nxh6 47.Kxh6 a5 48.Kg5 Bd7 49.Kf4 Bxa4
50.Ke3 b5 51.Bc6 Kb6 52.Bxb5  1/2-1/2

[Event "EYg18"]
[Site "Herceg Novi SCG"]
[Date "2005.09.20"]
[Round "6"]
[White "Vasiliev,Olg"]
[Black "Burtasova,A"]
[Result "1-0"]
[WhiteElo "2202"]
[BlackElo "2239"]

1.e4 c5 2.Nf3 e6 3.d4 cxd4 4.Nxd4 a6 5.Nc3 d6 6.f4 b5 7.Bd3 Bb7 8.O-O Nf6
9.a3 Nbd7 10.Kh1 Rc8 11.Qe1 Nc5 12.Bd2 Be7 13.b4 Nxd3 14.cxd3 h5 15.Nf3 h4
16.Ne2 h3 17.g3 Ng4 18.Ned4 Bf6 19.Rc1 Rxc1 20.Bxc1 Qb6 21.Be3 Nxe3 22.Qxe3 O-O
23.Rc1 a5 24.g4 axb4 25.axb4 d5 26.e5 Be7 27.f5 Ra8 28.Rg1 Bxb4 29.f6 Ra4
30.fxg7 Bd2 31.Qxd2 Rxd4 32.Qh6  1-0

[Event "4th Kesarovski - Georgiev Memorial"]
[Site "Sunny Beach BUL"]
[Date "2005.09.20"]
[Round "5"]
[White "Pionova,S"]
[Black "Balinov,I"]
[Result "1/2-1/2"]
[WhiteElo "2084"]
[BlackElo "2388"]

1.e4 e6 2.d4 c5 3.Nf3 cxd4 4.Nxd4 a6 5.Nc3 Nc6 6.g3 Nge7 7.Nb3 Ng6 8.Bg2 Be7
9.a4 b6 10.Be3 Bb7 11.O-O h5 12.f4 d6 13.Qe2 Qc7 14.Qf2 Bd8 15.Rfd1 h4 16.Rd2 hxg3
17.hxg3 Na5 18.Nxa5 bxa5 19.Rad1 Be7 20.Bb6 Qc4 21.Qd4 Qxd4+ 22.Bxd4 e5 23.Be3 exf4
24.gxf4 Nh4 25.Bh1 f5 26.Nd5 Bxd5 27.Rxd5 Rc8 28.R1d2 fxe4 29.Bxe4 Rc4 30.R2d4 Rc5
31.Rxc5 dxc5 32.Rd5 c4 33.Rxa5 Rh6 34.Re5 Kd7 35.Rd5+ Kc7 36.f5 Rc6 37.Bf4+ Bd6
38.Bxd6+ Rxd6 39.Rc5+ Kb6 40.Rxc4 g5 41.fxg6 Nxg6 42.Bxg6 Rxg6+ 43.Kf2 Re6
44.Kf3 Ka5 45.b3 Re1 46.Re4 Rc1 47.Re2 Kb4 48.Ke4 Rd1 49.Rh2 Kc3 50.Ke3 Rd6
51.Ke4 a5 52.Ke5 Rd1 53.Ke4 Rd4+ 54.Ke3 Rd5 55.Rg2 Re5+  1/2-1/2

[Event "EYb16"]
[Site "Herceg Novi SCG"]
[Date "2005.09.21"]
[Round "7"]
[White "Saric,Iv"]
[Black "Nestorovic,N"]
[Result "0-1"]
[WhiteElo "2284"]
[BlackElo "2152"]

1.e4 c5 2.Nf3 e6 3.Nc3 a6 4.d4 cxd4 5.Nxd4 Qc7 6.Be2 b5 7.O-O Bb7 8.Bf3 Nc6
9.Re1 Ne5 10.Bf4 d6 11.a4 bxa4 12.Rxa4 Nf6 13.Bh5 g6 14.Be2 Nfd7 15.Qa1 Nc5
16.Ra5 Bg7 17.b4 Ncd7 18.Bxa6 Rxa6 19.Ncb5 Qb6 20.Rxa6 Bxa6 21.Qxa6 Qxa6
22.Nc7+ Ke7 23.Nxa6 Rc8 24.b5 Rc4 25.Rd1 f5 26.Bxe5 Nxe5 27.exf5 gxf5 28.Kf1 Kd7
29.Nb8+ Ke7 30.f4 Ng4 31.Ndc6+ Kf7 32.Rxd6 Rxc2 33.Nd8+ Ke7 34.Nbc6+ Kxd6  0-1

[Event "EYb18"]
[Site "Herceg Novi SCG"]
[Date "2005.09.21"]
[Round "7"]
[White "Zeleny,T"]
[Black "Stubberud,O"]
[Result "1-0"]
[WhiteElo "2286"]
[BlackElo "2095"]

1.e4 c5 2.Nf3 e6 3.d4 cxd4 4.Nxd4 a6 5.Nc3 Qc7 6.Bd3 Nf6 7.O-O Nc6 8.Nxc6 dxc6
9.f4 e5 10.f5 Bc5+ 11.Kh1 h5 12.Bg5 Ng4 13.Qf3 b5 14.a4 Bb7 15.axb5 axb5
16.Rxa8+ Bxa8 17.Bh4 Bb7 18.Rd1 Be7 19.Bg3 Qb6 20.h3 Bc5 21.Be2 Bd4 22.Bh4 Nf2+
23.Bxf2 Bxf2 24.Qd3 Bd4 25.Nb1 Bc8 26.c3 Bf2 27.Qd6 f6 28.b4 Rh6 29.c4 bxc4
30.Bxc4 Bd4 31.Nd2 Qb7 32.Be6 g6 33.Bxc8  1-0

[Event "Caissa IM September"]
[Site "Kecskemet HUN"]
[Date "2005.09.21"]
[Round "7"]
[White "Vasvari,T"]
[Black "Donko,M"]
[Result "1-0"]
[WhiteElo "2203"]
[BlackElo "2040"]

1.e4 c5 2.Nf3 e6 3.d4 cxd4 4.Nxd4 a6 5.Nc3 Qc7 6.Bd3 Nf6 7.O-O d6 8.Be3 Be7
9.a4 b6 10.f3 O-O 11.Qe1 Nbd7 12.g4 Re8 13.g5 Nh5 14.f4 Bb7 15.Be2 Nxf4 16.Bxf4 e5
17.Qf2 exf4 18.h4 g6 19.Qxf4 Ne5 20.Nd5 Bxd5 21.exd5 Bf8 22.Rf2 Bg7 23.c4 Qc5
24.Rd1 Ra7 25.b3 Rae7 26.Rd2 Kh8 27.Kg2 Kg8 28.Bd1 Qb4 29.Qg3 Qc5 30.Qf4 Qb4
31.Nc6 Nxc6 32.dxc6 Be5 33.Qf3 Qc5 34.Qd5 Qe3 35.Rf3 Qe1 36.Rdf2 Rf8 37.Rh3 Kg7
38.Rh1 Qe3 39.Rh3 Qc1 40.Rc2 Qf4 41.Rf2 Qc1 42.Rhf3 Qa1 43.b4 Qd4 44.Qxd4 Bxd4
45.Rd2 Be5 46.Rd5 Rc8 47.b5 a5 48.Rf1 h5 49.Rd3 Rcc7 50.Bf3 Kg8 51.Bd5 Kg7
52.Rdf3 Bd4 53.Rxf7+ Rxf7 54.Rxf7+  1-0

[Event "EYb18"]
[Site "Herceg Novi SCG"]
[Date "2005.09.22"]
[Round "8"]
[White "Mijovic,S"]
[Black "Galic,I"]
[Result "0-1"]
[WhiteElo "2135"]
[BlackElo "2167"]

1.e4 c5 2.Nf3 e6 3.d4 cxd4 4.Nxd4 a6 5.Nc3 Qc7 6.Be2 Nf6 7.O-O Nc6 8.Be3 Bb4
9.Na4 O-O 10.Nxc6 bxc6 11.c4 Bd6 12.f4 Nxe4 13.c5 Be7 14.Bf3 Nf6 15.Rc1 Nd5
16.Bxd5 exd5 17.f5 Bf6 18.Bf4 Be5 19.Bxe5 Qxe5 20.f6 d6 21.Nb6 Rb8 22.Nxc8 Rfxc8
23.Qg4 g6 24.Rce1 h5 25.Qh4 Qxb2 26.Qf4 Re8 27.Rb1 Qe5 28.Rbc1 Qxf4 29.Rxf4 dxc5
30.Rxc5 Rb2  0-1

[Event "EYb18"]
[Site "Herceg Novi SCG"]
[Date "2005.09.22"]
[Round "8"]
[White "Movsisian,V"]
[Black "Papin,V"]
[Result "0-1"]
[WhiteElo "2233"]
[BlackElo "2425"]

1.e4 c5 2.Nf3 e6 3.d4 cxd4 4.Nxd4 a6 5.Nc3 b5 6.Bd3 Qb6 7.Nf3 Nc6 8.O-O d6
9.a4 b4 10.Na2 Nf6 11.Re1 Be7 12.b3 Ng4 13.Qe2 O-O 14.h3 Nge5 15.Be3 Qb8
16.Nd4 Nxd4 17.Bxd4 Nxd3 18.Qxd3 a5 19.c4 e5 20.Be3 f5 21.f4 Kh8 22.exf5 Bxf5
23.Qd2 Qe8 24.Kh2 Qg6 25.g3 Be4 26.Nc1 exf4 27.Bxf4 Bf6 28.Ra2 Bc3 29.Qe2 Bxe1
30.Qxe1 Rae8 31.Qd1 Bc6 32.Qd2 Re6 33.Nd3 Rfe8 34.Bxd6 Rxd6 35.Nf4 Rxd2+  0-1

[Event "EYb18"]
[Site "Herceg Novi SCG"]
[Date "2005.09.22"]
[Round "8"]
[White "Hambartsumian,Y"]
[Black "Stopa,Ja"]
[Result "1/2-1/2"]
[WhiteElo "2186"]
[BlackElo "2460"]

1.e4 c5 2.Nc3 a6 3.Nf3 e6 4.d4 cxd4 5.Nxd4 Qc7 6.Be2 Nf6 7.Be3 Nc6 8.O-O Bb4
9.Na4 O-O 10.Nxc6 bxc6 11.Nb6 Rb8 12.Nxc8 Rfxc8 13.Bxa6 Rf8 14.Bd3 Bd6 15.g3 Rxb2
16.Bd4 Rb4 17.c3 Rb7 18.Bxf6 gxf6 19.e5 Bxe5 20.Bxh7+ Kxh7 21.Qh5+ Kg7 22.Qg4+  1/2-1/2

[Event "4th Kesarovski - Georgiev Memorial"]
[Site "Sunny Beach BUL"]
[Date "2005.09.22"]
[Round "7"]
[White "Hristova,H"]
[Black "Nedelcheva,V"]
[Result "1-0"]
[WhiteElo "1903"]
[BlackElo "1705"]

1.e4 c5 2.Nf3 e6 3.d4 cxd4 4.Nxd4 a6 5.Nc3 Qc7 6.Be2 Nf6 7.a3 Be7 8.O-O O-O
9.f4 d6 10.Nb3 Nbd7 11.Be3 b5 12.Bf3 Bb7 13.g4 Rfd8 14.Qe1 Nb6 15.g5 Ne8
16.Bg2 Nc4 17.Bc1 Qb6+ 18.Kh1 Rac8 19.Qh4 Ne3 20.Bxe3 Qxe3 21.Rf3 Qb6 22.Rh3 h6
23.Qh5 d5 24.gxh6 g6 25.h7+ Kh8 26.Qe2 Nd6 27.exd5 Nc4 28.Nd2 Nxb2 29.Qe5+  1-0

[Event "Caissa IM September"]
[Site "Kecskemet HUN"]
[Date "2005.09.23"]
[Round "9"]
[White "Donko,M"]
[Black "Farkas,Ti"]
[Result "1/2-1/2"]
[WhiteElo "2040"]
[BlackElo "2349"]

1.e4 c5 2.Nf3 e6 3.d4 cxd4 4.Nxd4 a6 5.Nc3 Qc7 6.Be2 Nf6 7.O-O Be7 8.f4 d6
9.Kh1 O-O 10.a4 Nc6 11.Be3 Re8 12.Qe1 e5 13.Nb3 Nb4 14.Rc1 Be6 15.fxe5 dxe5
16.Qg3 Kh8 17.Nd4 Bc5 18.Nf5 Bxf5 19.Rxf5 Bxe3 20.Qxe3 Rad8  1/2-1/2

[Event "ProMoPro Open"]
[Site "Prague CZE"]
[Date "2005.09.23"]
[Round "9"]
[White "Kuba,J"]
[Black "Londyn,R"]
[Result "1-0"]
[WhiteElo "2206"]
[BlackElo "2350"]

1.e4 c5 2.Nc3 a6 3.Nf3 e6 4.d4 cxd4 5.Nxd4 b5 6.Bd3 Qb6 7.Nb3 Qc7 8.O-O Nf6
9.a3 Be7 10.Re1 d6 11.f4 Nbd7 12.Qe2 Bb7 13.Be3 O-O 14.Rad1 Nc5 15.Bf2 Nxd3
16.cxd3 e5 17.Rc1 Qd8 18.Bg3 Nd7 19.d4 Bf6 20.fxe5 dxe5 21.d5 Rc8 22.Nd2 Bh4
23.Qf2 Bxg3 24.Qxg3 Qb6+ 25.Kh1 Rc7 26.Nf3 Qg6 27.Qh4 Rfc8 28.Rcd1 Rc4 29.Qe7 Nc5
30.Nxe5 Qh5 31.Nxc4 bxc4 32.Rf1 f6 33.Rf5 Qg4 34.h3 Qg6 35.Rdf1 Ba8 36.e5  1-0

[Event "2nd Highlands Open A"]
[Site "Havlickuv Brod CZE"]
[Date "2005.09.24"]
[Round "1"]
[White "Klima,L"]
[Black "Postupa,P1"]
[Result "1-0"]
[WhiteElo "2446"]
[BlackElo "2128"]

1.e4 c5 2.Nf3 e6 3.Nc3 a6 4.d4 cxd4 5.Nxd4 Nc6 6.g3 Nf6 7.Bg2 Qc7 8.O-O Be7
9.Re1 d6 10.Nxc6 bxc6 11.Na4 O-O 12.c4 Bb7 13.c5 d5 14.Bf4 Qd8 15.Qc2 Nd7
16.exd5 exd5 17.Rad1 Ra7 18.Bc7 Qxc7 19.Rxe7 Qd8 20.Rde1 Bc8 21.Qe2 Rc7 22.Re8 Rxe8
23.Qxe8+ Qxe8 24.Rxe8+ Nf8 25.Nb6 Bf5 26.b4 f6 27.Nxd5 Rd7 28.Ne3  1-0

[Event "Autumn 4"]
[Site "Alushta UKR"]
[Date "2005.09.25"]
[Round "1"]
[White "Loskutov,O"]
[Black "Alexeev,Alexe"]
[Result "1-0"]
[WhiteElo "2435"]
[BlackElo "2356"]

1.e4 c5 2.Nf3 e6 3.d4 cxd4 4.Nxd4 a6 5.Nc3 Qc7 6.Be3 Nf6 7.Bd3 Bc5 8.O-O b5
9.Bxb5 axb5 10.Ndxb5 Qc6 11.Bxc5 Qxc5 12.b4 Qxb4 13.e5 Ba6 14.Nc7+ Kd8 15.Nxa8 Qxc3
16.Qd6 Nc6 17.exf6 Bxf1 18.Qc7+  1-0

[Event "2nd Highlands Open A"]
[Site "Havlickuv Brod CZE"]
[Date "2005.09.25"]
[Round "2"]
[White "Kovar,V"]
[Black "Kanovsky,D"]
[Result "1-0"]
[WhiteElo "2205"]
[BlackElo "2328"]

1.e4 c5 2.Nf3 e6 3.d4 cxd4 4.Nxd4 a6 5.Nc3 Qc7 6.g3 b6 7.Bg2 Bb7 8.O-O d6
9.Be3 Nd7 10.f4 h5 11.Qe2 Ngf6 12.Kh1 O-O-O 13.a4 Nc5 14.Bg1 h4 15.b4 e5
16.Ndb5 axb5 17.bxc5 dxc5 18.a5 hxg3 19.axb6 Qxb6 20.fxe5 gxh2 21.Bf2 Nh5
22.Nd5 Qc6 23.Rfb1 Rxd5 24.exd5 Qxd5 25.Qg4+ Qe6 26.Bxb7+ Kxb7 27.Qe4+ Kb6
28.Rxb5+  1-0

[Event "V Mario Covas Rapid"]
[Site "Santos BRA"]
[Date "2005.09.26"]
[Round "1"]
[White "Felgaer,R"]
[Black "Vescovi,G"]
[Result "0-1"]
[WhiteElo "2618"]
[BlackElo "2640"]

1.e4 c5 2.Nf3 e6 3.d4 cxd4 4.Nxd4 a6 5.Nc3 Qc7 6.g3 Nc6 7.Bg2 Nf6 8.O-O Bc5
9.Nxc6 dxc6 10.Na4 Ba7 11.c4 Nd7 12.b4 b5 13.Nb2 c5 14.Bd2 O-O 15.Qe2 cxb4
16.cxb5 Bc5 17.Rac1 Qb8 18.Rxc5 Nxc5 19.Bxb4 Nd7 20.Bxf8 Nxf8 21.e5 Bb7 22.Bxb7 Qxb7
23.bxa6 Rxa6 24.a4 h5 25.h4 Nd7 26.Rd1 Ra5 27.Nc4 Rxa4 28.Nd6 Qa7 29.Qxh5 g6
30.Qg5 Ra1 31.Qd8+ Kh7 32.Rxa1 Qxa1+ 33.Kg2 Nxe5 34.Qf6 Qa8+ 35.Kg1 Qa1+
36.Kg2 Qa8+ 37.Kg1 Nf3+ 38.Kg2  0-1

[Event "2nd Highlands Open A"]
[Site "Havlickuv Brod CZE"]
[Date "2005.09.27"]
[Round "4"]
[White "Havlik,Jan"]
[Black "Kanovsky,D"]
[Result "0-1"]
[WhiteElo "2185"]
[BlackElo "2328"]

1.e4 c5 2.Nf3 e6 3.d4 cxd4 4.Nxd4 a6 5.Nc3 Qc7 6.Bd3 b5 7.O-O Bb7 8.Kh1 b4
9.Nce2 Nf6 10.f4 Nxe4 11.Bxe4 Bxe4 12.Ng3 Bb7 13.f5 Nc6 14.Bf4 e5 15.Nxc6 Qxc6
16.Qe2 O-O-O 17.Bd2 h5 18.Rfc1 h4 19.Nf1 h3 20.Ne3 Bc5  0-1

[Event "Autumn 4"]
[Site "Alushta UKR"]
[Date "2005.09.28"]
[Round "6"]
[White "Belikov,V"]
[Black "Truskavetsky,A"]
[Result "1/2-1/2"]
[WhiteElo "2519"]
[BlackElo "2399"]

1.e4 c5 2.Nf3 e6 3.d4 cxd4 4.Nxd4 a6 5.Nc3 b5 6.Bd3 Qb6 7.Nf3 Nc6 8.O-O d6
9.a4 b4 10.a5 Qc7 11.Na4 Nxa5 12.Be3 Rb8 13.Nb6 Rxb6 14.Rxa5 Rc6 15.Qa1 Nf6
16.Nd4 Rc5 17.Rxa6 Bxa6 18.Qxa6 Be7 19.Bb5+ Kf8 20.Nc6 g5 21.Bxc5 dxc5 22.e5 Nd5
23.Ra1 Kg7 24.Qa2 Qb7 25.Qa6 Qxa6 26.Rxa6 Nc7 27.Ra5 Nxb5 28.Rxb5 Ra8 29.h4 Bf8
30.hxg5 Ra2 31.Rb7 Rxb2 32.Nd8 Rxc2 33.Rxf7+ Kg8 34.Rb7 c4 35.Nxe6 b3 36.Rb8 Kf7
37.Nxf8 b2 38.Kh2 c3 39.f4 Rxg2+ 40.Kxg2 c2 41.Rxb2 c1=Q 42.Rb6 Qd2+ 43.Kf3 Qd1+
44.Ke4 Qc2+ 45.Kf3 Qd3+ 46.Kg4 Qe2+ 47.Kf5 Qc2+ 48.Kg4 Qg2+ 49.Kf5 Kxf8 50.Kf6 Qa8
51.Rd6 Qc8 52.Rd4 Kg8 53.e6 Qf8+ 54.Ke5 Qc5+ 55.Rd5 Qc3+ 56.Kf5 Qh3+ 57.Kf6 Qc3+
58.Kf5 Qh3+  1/2-1/2

[Event "2nd Highlands Open A"]
[Site "Havlickuv Brod CZE"]
[Date "2005.09.30"]
[Round "7"]
[White "Priborsky,J"]
[Black "Routner,J"]
[Result "1-0"]
[WhiteElo "2320"]
[BlackElo "2070"]

1.e4 c5 2.Nf3 e6 3.d4 cxd4 4.Nxd4 a6 5.Nc3 Qc7 6.Bd3 Nf6 7.f4 Nc6 8.Nxc6 bxc6
9.e5 Nd5 10.Ne4 c5 11.c4 Nb6 12.O-O Bb7 13.Qe2 d5 14.exd6 Bxd6 15.Nxd6+ Qxd6
16.Be3 O-O 17.Rad1 Qc6 18.Qf2 Nd7 19.Be2 Nf6 20.Bf3 Ne4 21.Qc2 f5 22.Bxe4 fxe4
23.Rf2 Rf5 24.Rfd2 Raf8 25.Qc3 e5 26.fxe5 Qe8 27.Bxc5 Rxe5 28.Bxf8  1-0

[Event "Open A"]
[Site "Hamburg GER"]
[Date "2005.10.01"]
[Round "1"]
[White "Schmidtgall,B"]
[Black "Shchekachev,A"]
[Result "0-1"]
[WhiteElo "2093"]
[BlackElo "2564"]

1.e4 c5 2.Nf3 e6 3.d4 cxd4 4.Nxd4 a6 5.Nc3 b5 6.Bd3 d6 7.O-O Nf6 8.Be3 Bb7
9.a3 Nbd7 10.f4 g6 11.f5 gxf5 12.exf5 Rg8 13.g3 e5 14.Ne6 Qc8 15.Nxf8 Qc6
16.Qf3 Qxf3 17.Rxf3 Bxf3 18.Nxd7 Kxd7 19.Re1 h5 20.Bf2 h4 21.Re3 Bc6 22.h3 hxg3
23.Bxg3 d5 24.Kf2 d4  0-1

[Event "2nd Highlands Open A"]
[Site "Havlickuv Brod CZE"]
[Date "2005.10.01"]
[Round "8"]
[White "Folk,P"]
[Black "Vyskocil,N"]
[Result "1-0"]
[WhiteElo "2246"]
[BlackElo "2322"]

1.e4 c5 2.Nf3 e6 3.Nc3 a6 4.d4 cxd4 5.Nxd4 Qc7 6.Bd3 Nf6 7.O-O Nc6 8.Be3 Ne5
9.f4 Neg4 10.Bd2 Bc5 11.Ne2 e5 12.fxe5 Qxe5 13.Bf4 Bxd4+ 14.Kh1 Qc5 15.Nxd4 Qxd4
16.e5 Nf2+ 17.Rxf2 Qxf2 18.exf6 gxf6 19.Bg3 Qc5 20.Qf3 Qc6 21.Re1+ Kd8 22.Qe3 Qe6
23.Qc5  1-0